Detalles MARC
| 000 -LEADER |
| campo de control de longitud fija |
01683cam a22003854i 4500 |
| 003 - IDENTIFICADOR DE NÚMERO DE CONTROL |
| campo de control |
PE-LiUPU |
| 005 - FECHA Y HORA DE LA ÚLTIMA TRANSACCIÓN |
| campo de control |
20250731184100.0 |
| 008 - DATOS DE LONGITUD FIJA--INFORMACIÓN GENERAL |
| campo de control de longitud fija |
150623s1999 nyua rb 000 0 eng d |
| 020 ## - NÚMERO INTERNACIONAL ESTÁNDAR DEL LIBRO |
| Número Internacional Estándar del Libro |
0760714614 |
| 035 ## - NÚMERO DE CONTROL DEL SISTEMA |
| Número de control de sistema |
(Sirsi) i9780760714614 |
| 040 ## - FUENTE DE CATALOGACIÓN |
| Centro catalogador/agencia de origen |
PE-LiUPU |
| Lengua de catalogación |
spa |
| Centro/agencia transcriptor |
PE-LiUPU |
| Normas de descripción |
rda |
| 049 ## - FONDOS LOCALES (OCLC) |
| Biblioteca depositaria |
PRUA |
| 082 04 - NÚMERO DE LA CLASIFICACIÓN DECIMAL DEWEY |
| Número de clasificación |
892.1 |
| Cutter |
E64 |
| Número de edición |
23 |
| 245 04 - MENCIÓN DEL TÍTULO |
| Título |
The epic of Gilgamesh : |
| Resto del título |
the Babylonian epic poem and other texts in Akkadian and Sumerian / |
| Mención de responsabilidad, etc. |
editado por George Andrew. |
| 264 #1 - PRODUCCIÓN, PUBLICACIÓN, DISTRIBUCIÓN, FABRICACIÓN Y COPYRIGHT |
| Producción, publicación, distribución, fabricación y copyright |
New York : |
| Nombre del de productor, editor, distribuidor, fabricante |
Barnes & Noble Books, |
| Fecha de producción, publicación, distribución, fabricación o copyright |
1999. |
| 300 ## - DESCRIPCIÓN FÍSICA |
| Extensión |
225 páginas : |
| Otras características físicas |
ilustraciones ; |
| Dimensiones |
25 centímetros. |
| 336 ## - TIPO DE CONTENIDO |
| Término de tipo de contenido |
text |
| Fuente |
rdacontent |
| 337 ## - TIPO DE MEDIO |
| Nombre/término del tipo de medio |
unmediated |
| Fuente |
rdamedia |
| 338 ## - TIPO DE SOPORTE |
| Nombre/término del tipo de soporte |
volume |
| Fuente |
rdacarrier |
| 500 ## - NOTA GENERAL |
| Nota general |
Incluye glosario de nombres propios. |
| 504 ## - NOTA DE BIBLIOGRAFÍA, ETC. |
| Nota de bibliografía, etc. |
Incluye bibliografía. |
| 505 0# - NOTA DE CONTENIDO CON FORMATO |
| Nota de contenido con formato |
The standar version of the Babylonian Gilgamesh epic : He who saw the deep -- Babylonian texts of the early second millennium bC -- Babylonian texts of the late second millennium bC, from sites in Babylonia -- Babylonian texts of the late second millennium bC, from outside Babylonia -- The Sumerian poems of Gilgamesh. |
| 526 ## - NOTA DE INFORMACIÓN SOBRE EL PROGRAMA DE ESTUDIO |
| Nombre del programa |
Comunicación Y Periodismo |
| 526 ## - NOTA DE INFORMACIÓN SOBRE EL PROGRAMA DE ESTUDIO |
| Nombre del programa |
Educación, Especialidad Inglés Y Español (A Distancia) |
| 526 ## - NOTA DE INFORMACIÓN SOBRE EL PROGRAMA DE ESTUDIO |
| Nombre del programa |
Educación, Especialidad Inglés Y Español |
| 526 ## - NOTA DE INFORMACIÓN SOBRE EL PROGRAMA DE ESTUDIO |
| Nombre del programa |
Educación secundaria, especialidad lingüística e inglés |
| 526 ## - NOTA DE INFORMACIÓN SOBRE EL PROGRAMA DE ESTUDIO |
| Nombre del programa |
Ciencias de la comunicación |
| 650 14 - PUNTO DE ACCESO ADICIONAL DE MATERIA--TÉRMINO DE MATERIA |
| Término de materia o nombre geográfico como elemento de entrada |
Poesía épica Asirio-babilónica |
| 9 (RLIN) |
3073 |
| Subdivisión general |
Traducciones al inglés. |
| 650 24 - PUNTO DE ACCESO ADICIONAL DE MATERIA--TÉRMINO DE MATERIA |
| Término de materia o nombre geográfico como elemento de entrada |
Poesía épica sumeria |
| 9 (RLIN) |
3074 |
| Subdivisión general |
Traducciones al inglés. |
| 700 ## - ENTRADA AGREGADA--NOMBRE PERSONAL |
| Nombre de persona |
Andrew, George, |
| Término indicativo de función/relación |
editor |
| 9 (RLIN) |
3075 |
| 942 ## - ELEMENTOS DE ENTRADA SECUNDARIOS (KOHA) |
| Fuente del sistema de clasificación o colocación |
Clasificación Decimal Dewey |
| Tipo de ítem Koha |
Libros físicos |
| Suprimir en OPAC |
No |
| 949 ## - PROCESAMIENTO DE INFORMACIÓN LOCAL (OCLC) |
| a |
892.1 E64 |
| w |
DEWEY |
| c |
1 |
| i |
49479 |
| l |
CCODEBUL1 |
| m |
BUL |
| r |
0 |
| s |
Y |
| t |
BOOK |
| u |
2015-6-24 |
| x |
TEOLOGIA |
| 0 |
COMPRA |
| o |
.STAFF. Colección General |
| 980 ## - EQUIVALENCIA O REFERENCIA-CRUZADA-MENCIÓN DE SERIE--NOMBRE DE PERSONA/TÍTULO [LOCAL, CANADÁ] |
| ID del último usuario que modificó el registro |
1 |
| Nombre del último usuario que modificó el registro |
ALBERTO SANCHEZ Responsable de Automatización |